000 00238 a2200097 4500
001 59876
100 _a
245 _aGateway to Modern Geometry; The Poincare Half-Plane
260 _aUSA
_bJones and Bartlett
_c2008
090 _c36711
_d36711
942 _aNUST-CAE
_c
_c29682
999 _c294949
_d294949